000 03863nab a2200349 i 4500
003 BR-BrBNA
005 20240917133735.0
008 240917b2018 bl.|r|pooa||| 00| 0 por |
040 _aBR-BrBNA
_bpor
072 _aL50
_b5240
072 _aL74
_b5250
100 _a Bombardelli, J.A.
100 _aReis, G.A.
100 _aLupatini, C.G.
100 _aKogika, M.M.
100 _aBenesi, F.J.
245 _aAvaliação da zinco protoporfirina (ZPP) em ruminantes domésticos
500 _a Publicação online; 19 ref.; Summaries (En, Pt)
520 _a RESUMO - Nos sistemas de criação de ruminantes, a anemia crônica pode levar a grandes prejuízos econômicos, sendo decorrente da deficiência de ferro no organismo. Quando este se torna indisponível para ser incorporado à hemoglobina, forma-se um composto denominado zinco protoporfirina (ZPP), que pode ser um marcador precoce para a anemia, útil, portanto, para seu diagnóstico. Porém, para a utilidade dessa mensuração, é necessário que se conheçam os valores normais de ZPP para cada espécie. Assim, foram utilizados 30 bezerros, 30 caprinos e 30 ovinos, todos saudáveis, nos quais foram mensurados esses valores. Essa mensuração foi determinada em amostras de sangue refrigeradas, coletadas com EDTA, obtendo-se valores em hemácias não lavadas e lavadas. A lavagem visou à eliminação de substâncias interferentes nessas medidas. A média da ZPP nas amostras não lavadas foi de 80,9µmol ZPP/mol de heme nos bezerros; 55,09µmol ZPP/mol de heme nos caprinos e 73,76µmol ZPP/mol de heme nos ovinos. Após a lavagem, os valores foram 61,4µmol ZPP/mol de heme; 43,92µmol ZPP/mol de heme e 59,36µmol ZPP/mol de heme, nos bezerros, caprinos e ovinos, respectivamente. Devido à praticidade da técnica, essa pode ser empregada para a detecção precoce da anemia ferropriva, sendo recomendada a prévia lavagem das hemácias. Palavras-chave: ruminantes, anemia, ferro, zinco, hemoglobina
520 _a ABSTRACT - In ruminant breeding systems, chronic anemia can lead to economic losses, resulting from iron deficiency in the organismo. When iron is unavailable for incorporation into hemoglobin, a compound called zinc protoporphyrin (ZPP) is formed, may be an early marker for anemia and is useful for its diagnosis. However, for this measurement to be useful, it is necessary to know the normal values for the species. Therefore, 30 calves, 30 goats and 30 sheep, all of them healthy, to standardize the values were used. This measurement was determined on refrigerated blood samples collected with EDTA, obtaining values in red blood cells not washed and washed. The washing aimed at the elimination of interfering substances in these measures. The mean of the ZPP in the unwashed samples was 80,9µmol ZPP/mol of heme in calves; 55,09µmol ZPP/mol of heme in goats and 73,76µmol ZPP/mol of heme in sheep. After washing, the values were 61,4µmol ZPP/mol of heme; 43,92µmol ZPP/mol of heme e 59,36µmol ZPP/mol of heme, in calves, goats and sheep, respectively. Due to its practicality, the techniquecan be used for the early detection of iron deficiency anemia, recommending the previous lavage of the red blood cells. Keywords: ruminants, anemia, iron, zinc, hemoglobin
650 _aRUMINANTE
650 _aANEMIA
650 _aDISTÚRBIO ANIMAL
650 _aFERRO
650 _aZINCO
650 _aHEMOGLOBINA
650 _aBIOQUÍMICA ANIMAL
773 0 _01643
_9318020
_dBelo Horizonte-MG Universidade Federal de Minas Gerais - Escola de Veterinaria 1983
_o2024-4754
_tArquivo Brasileiro de Medicina Veterinária e Zootecnia (Brazil)
_x0102-0935
_gv. 70(4) p. 1135-1140; (2018)
856 _uhttps://www.scielo.br/j/abmvz/a/4xWtdpjVLt8m6qkSHFPYQpz/?format=pdf&lang=pt
942 _cANA
999 _c301255
_d301255